000 00897nam a2200277 i 4500
003 EG-GICUC
005 20260425110013.0
008 260306s1947 gw ||||fr|||| 00| 0 fre d
040 _aEG-GiCUC
_bfre
_cEG-GiCUC
_dEG-GiCUC
_eRda
041 _afre
082 0 4 _221
_a341.511
_bPR
092 0 4 _221
099 _aLaw1 11 341.511 PR 1947
245 _aProcès Des Grands Criminels De Guerre Devant Le Tribunal Militaire International.
_nVol.12 /
_cAL MILITAIRE INTER .
264 _aNuremberg :
_bAL MILITAIRE INTER ,
_c1947.
300 _a612 page ;
_c 24 cm.
336 _2rda contenu
_a texte
337 _2rda medias
_aOrdinateur
338 _2 transporteur rda
_a Ressource en ligne
546 _aTexte en français
650 1 _aTribunaux internationaux
651 1 _2qrmak
856 4 0 _uhttps://fll.law.cu.edu.eg/fulltext/bks/B11-08747.pdf
905 _a60
942 _2ddc
_cBK
_e21
_n0
999 _c65182
_d65182